| 000 | 02531nam a2200349 a 4500 | ||
|---|---|---|---|
| 001 | 000048898 | ||
| 003 | DO-SdBNP | ||
| 005 | 20251202111711.0 | ||
| 007 | ta | ||
| 008 | 190430s2016 dr a 000 0 spa d | ||
| 020 | _a9789945472677 | ||
| 040 |
_aDO-SdBNP _bspa _cBNPHU |
||
| 082 | 4 |
_a972.901 _bI39i _222 |
|
| 245 | 0 | 4 |
_aIndígenas e indios en el Caribe ; presencia, legado y estudio / _cedición y compilación Jorge Ulloa Hung y Roberto Valcárcel Rojas ; prólogo Olga Portuondo Zúñiga. |
| 260 |
_aSanto Domingo : _bINTEC, _c2016. |
||
| 300 |
_axv, 309 p. : _bil. ; _c23 cm. |
||
| 490 | 1 |
_aLos indígenas más allá de Colón _v1 |
|
| 500 | _aIncluye datos biográficos de los autores | ||
| 500 | _aIncluye referencias bibliográficas y notas al pie de las páginas | ||
| 504 | _aIncluye referencias bibliográficas al final de los capítulos | ||
| 505 | 0 |
_gv.1. Indígenas e indios en el Caribe, presencia, legado y estudio -- _aPrólogo -- _tPrefacio -- _rJorge Ulloa Hung --- _tSeccioón I. Repensando presencias. _tCuba. Indios después de Colón / _rRoberto Valcárcel Rojas -- _tSobre nuestras indigenidades boricuas / _tEl problema del "indio" en Cuba / _rPedro Pablo Godo Torres -- _rReniel Rodríguez Ramos y Jaime R. Pagán Jiménez -- _tLa contribución indígena a la biografía del paisaje cultural de la República Dominicana. Una revisión preliminar / _rJana Pesoutova y Corinne L. Hofman _gSección II. Estudios sobre presencia y legado indígena : una mirada crítica _tEl Colonialismo y las arqueologías del Cribe hispano / _rL. Antonio Curet -- _tColonialismo, indigenismo, y arqueología en República Dominicana : silencios confusos y encumbrimientos diversos / _rJorge Ulloa Hung -- _tEl indígena y el uso de las Crónicas de Indias en la historiografía nacional de Cuba / _rUlises M. González Herrera _gSección III. Homenaje. _tUna mosca arqueológica o la historia de un personaje con historia / _rMarcio Veloz Maggiolo -- _tEl indígena y la formación de la nacionalidad cubana / _rMaría Nelsa Trincado --. |
|
| 590 | _aInventariado, 2019/LP | ||
| 650 | 0 |
_aIndios de las Antillas _91049 |
|
| 650 | 4 |
_aArqueología indígena _zCaribe (Región) _916016 |
|
| 700 | 1 |
_aPortuondo Zúñiga, Olga, _d1944- _epról _913095 |
|
| 700 | 1 |
_aUlloa Hung, Jorge, _eed. _972231 |
|
| 700 | 1 |
_aValcárcel Rojas, Roberto, _eed. _975820 |
|
| 710 | 2 | _4Instituto Tecnológico de Santo Domingo | |
| 830 | 0 |
_aLos indígenas más allá de Colón; _n1 _976336 |
|
| 910 | _aValidado. Control de calidad MFF | ||
| 942 |
_2ddc _cLBS1 |
||
| 999 |
_c48386 _d48386 |
||